Reading Georges Bataille : beyond the gift /

Bibliographic Details
Main Author: Richman, Michèle H.
Format: Book
Language:English
Published: Baltimore : Johns Hopkins University Press, [1982]
Subjects:

MARC

Tag First Indicator Second Indicator Subfields
LEADER 00000cam a22000008a 4500
001 in00000070268
005 20151008061653.0
008 820304s1982 mdu b 00110 eng
010 |a  81048179  
020 |a 0801825938 
035 |a (OCoLC)08280513 
035 |9 AAJ8563AM 
039 0 |a 2  |b 3  |c 3  |d 3  |e 3 
040 |a DLC  |c DLC  |d TXA  |d UtOrBLW 
049 |a TXAM  |c [1673300] 
050 0 0 |a PQ2603.A695  |b Z86 
082 0 |a 848/.91209  |2 19 
100 1 |a Richman, Michèle H. 
245 1 0 |a Reading Georges Bataille :  |b beyond the gift /  |c Michele H. Richman. 
263 |a 8205 
264 1 |a Baltimore :  |b Johns Hopkins University Press,  |c [1982] 
264 4 |c ©1982 
300 |a xii, 177 pages ;  |c 24 cm. 
336 |a text  |b txt  |2 rdacontent 
337 |a unmediated  |b n  |2 rdamedia 
338 |a volume  |b nc  |2 rdacarrier 
500 |a Includes index. 
504 |a Bibliography: pages 168-173. 
600 1 0 |a Bataille, Georges,  |d 1897-1962  |x Criticism and interpretation. 
999 |a MARS 
999 f f |s bd71358c-a465-3dee-bb2a-f70fceb11785  |i 911f5ccb-58b4-3ecf-8a4b-399311670d81  |t 0 
952 f f |p normal  |a Texas A&M University  |b College Station  |c Sterling C. Evans Library  |d Evans: Library Stacks  |t 0  |e PQ2603.A695 Z86  |h Library of Congress classification  |i unmediated -- volume  |m A14806180805 
998 f f |a PQ2603.A695 Z86  |t 0  |l Evans: Library Stacks